<?xml version="1.0" encoding="UTF-8"?>
<marc:record xmlns:marc="http://www.loc.gov/MARC21/slim">
   <marc:leader>00000nam a2200000 a 4500</marc:leader>
   <marc:datafield ind1="1" ind2=" " tag="100">
      <marc:subfield code="a">Thiemeyer, Thomas</marc:subfield>
      <marc:subfield code="4">aut</marc:subfield>
      <marc:subfield code="e">Verfasser/-in</marc:subfield>
   </marc:datafield>
   <marc:datafield ind1=" " ind2=" " tag="653">
      <marc:subfield code="a">Fantasy</marc:subfield>
   </marc:datafield>
   <marc:datafield ind1=" " ind2=" " tag="653">
      <marc:subfield code="a">Erste Liebe</marc:subfield>
   </marc:datafield>
   <marc:datafield ind1="0" ind2="0" tag="245">
      <marc:subfield code="a">Das verbotene Eden</marc:subfield>
   </marc:datafield>
   <marc:datafield ind1="0" ind2="0" tag="245">
      <marc:subfield code="b">Logan und Gwen; Jugendbuch ab 14 Jahren; Bd. 2</marc:subfield>
   </marc:datafield>
   <marc:datafield ind1=" " ind2="1" tag="264">
      <marc:subfield code="b">Droemer</marc:subfield>
      <marc:subfield code="c">2012</marc:subfield>
   </marc:datafield>
   <marc:datafield ind1="1" ind2=" " tag="520">
      <marc:subfield code="a">Seit Juna aus dem Land der Frauen geflohen ist - mit einem Mann -, fühlt sich die junge Heilerin Gwen einsam und nichtswürdig. Sie schließt sich einem Spähtrupp an, der durch verlassene U-Bahn-Schächte in die Stadt der Männer vordringen soll. Doch der Einsatz scheitert grausam, und Gwen fällt in die Hände des jungen Kämpfers Logan, der sie als Sklavin verkaufen will. Logan aber hat die Rechnung ohne seine Gefühle gemacht - und setzt damit Ereignisse in Gang, die das Ende beider Welten bedeuten könnten à  Über den Autor  Thomas Thiemeyer, geboren 1963, lebt in Stuttgart und arbeitete zunächst als Illustrator. Nach fünf rasanten mystischen Wissenschaftsthrillern - zuletzt "Korona" -, entdeckte er mit den "Chroniken der Weltensucher" höchst erfolgreich das Jugendbuch für sich. Mit "Das verbotene Eden - Logan und Gwen" erscheint der zweite Band seines neuen großen Zyklus', der in einer bedrohlichen Zukunft spielt. Mehr Informationen zum Autor unter www.thiemeyer.de  *Amazon.de*</marc:subfield>
   </marc:datafield>
   <marc:datafield ind1=" " ind2=" " tag="020">
      <marc:subfield code="a">9783426653258</marc:subfield>
      <marc:subfield code="9">9783426653258</marc:subfield>
   </marc:datafield>
</marc:record>
